Skorpion

Titel: Skorpion : publicystyczno-literackie pismo podziemne
Veröffentlicht: Gdańsk : [Verlag nicht ermittelbar], [1983?]
Erscheinungsverlauf: Nr. 3 (grudzień 1982/styczeń 1983) [?]
Format: Zeitschrift, Zeitung
Sprache: Polnisch
Schlagworte:
Kein Bild verfügbar
X
alg: 45295478
001A    $06050:09-09-19 
001B    $06050:09-09-19 $t09:56:30.000 
001D    $06050:09-09-19 
001U    $0utf8 
001X    $00 
002@    $0Ebvc 
002C    $aText $btxt $2rdacontent 
002D    $aMikroform $bh $2rdamedia 
002E    $aMikrofiche $bhe $2rdacarrier 
003@    $0452954789 
003O    $01117696169 $aOCoLC 
006Z    $02983611-6 
007A    $02983611-6 $aZDB 
010@    $apol 
010E    $erda 
011@    $a1983 $n[1983?] 
013D    $RPresse $RFortlaufendes Sammelwerk $#Periodicals $#Yearbooks $#Périodiques $#Annuaires $#Publicaciones periódicas $#journals $#Periodical $#Periodicals as Topic $#Zeitschrift $#Zeitschrift $#Periodikum $#Zeitschriften $74067488-5 $8Zeitschrift [Tsz] $9085189774 
016E    $aeamu000uuuu 
018@    $0z 
021A    $aSkorpion $dpublicystyczno-literackie pismo podziemne 
031@    $aNr. 3 (grudzień 1982/styczeń 1983) [?] 
031N    $j1982/1983 
033A    $pGdańsk $n[Verlag nicht ermittelbar] 
044K    $qZDB $RBuch $RSchriftsteller $#Literature $#Littérature $#Letteratura $#Literatura $#literature $#Literature $#Literatur $#Literatur $#Belletristik $#Dichtung Literatur $#Schöne Literatur $#Sprachkunst $#Wortkunst $74035964-5 $8Literatur [Tsz] $9085097128 
044K    $qZDB $RPresse $RUntergrundpublizistik $#Underground literature $#Underground newspapers $#Underground press publications $#Presse clandestine $#Presse alternative $#Prensa clandestina $#Illegale Presse $#Untergrundzeitung $74186985-0 $8Untergrundpresse [Ts1] $9085915378 
044K    $qZDB $#Danzig $#Ville Libre de Danzig $#Dantzig $#Ville Libre de Dantzig $#Freistaat Danzig $#Gdańsk $#Freie Stadt Danzig $#Urząd Miejski w Gdańsku $#Gyddanzyc $#Gedanum $#Dantiscum $74011039-4 $8Danzig [Tg1] $9085022225 
045U    $e320 $e330 

lok: 45295478 24

exp: 45295478 24 1 #EPN
201B/01 $009-09-19 $t09:59:01.000 
201C/01 $009-09-19 
201U/01 $0utf8 
203@/01 $01059746921 
208@/01 $a09-09-19 $bp 
209A/01 $aFKM 51 $f050 $hFKM 51 $x00 
209A/01 $a7 VII Od Z 1 $h7 7 Od Z 1 $x10 
209E/01 $a1982/83,3 $x02 
209G/01 $aMikrofiche $x01 
220C/01 $aTN//09.09.19//Ho-Sz 
231@/01 $j1982 
247C/01 $8358050-7 Marburg, Bibliothek des Herder-Instituts Marburg $9102600961
LEADER 00000cas a2200000 c 4500
001 452954789
003 DE-603
005 20190909095630.0
007 he amu000uuuu
008 190909c19839999xx z| p|b 0 |1pol c
016 7 |2 DE-600  |a 2983611-6 
035 |a (DE-599)ZDB2983611-6 
035 |a (OCoLC)1117696169 
040 |a DE-603  |b ger  |c DE-603  |d DE-603  |e rda 
041 |a pol 
084 |a 320  |a 330  |q DE-600  |2 sdnb 
245 0 0 |a Skorpion  |b publicystyczno-literackie pismo podziemne 
264 3 1 |a Gdańsk  |b [Verlag nicht ermittelbar]  |c [1983?] 
336 |a Text  |b txt  |2 rdacontent 
337 |a Mikroform  |b h  |2 rdamedia 
338 |a Mikrofiche  |b he  |2 rdacarrier 
362 0 |a Nr. 3 (grudzień 1982/styczeń 1983) [?] 
363 0 0 |8 1.1\x  |i 1982/1983 
650 7 |a Literatur  |0 (DE-588)4035964-5  |0 (DE-603)085097128  |2 gnd 
650 7 |a Untergrundpresse  |0 (DE-588)4186985-0  |0 (DE-603)085915378  |2 gnd 
651 7 |a Danzig  |0 (DE-588)4011039-4  |0 (DE-603)085022225  |2 gnd 
655 7 |a Zeitschrift  |2 gnd-content  |0 (DE-588)4067488-5  |0 (DE-603)085189774 
924 0 |9 Mb 50  |a (DE-603)1059746921  |b DE-Mb50  |c HES  |d c  |g FKM 51  |h Mikrofiche  |i 7 VII Od Z 1  |q 1982  |z 1982/83,3